Termodin mica / José A.Manrique,Rafael S.C rdenas. (Registro nro. 21592)

Detalles MARC
000 -LÍDER
fixed length control field 00468nam a2200169 4500
008 - ELEMENTOS DE LONGITUD FIJA -- INFORMACIÓN GENERAL
fixed length control field 01981 1976 0a 000 0Mex
020 ## - NÚMERO INTERNACIONAL NORMALIZADO PARA LIBROS
ISBN 006-3155 12-5
050 ## - SIGNATURA TOPOGRAFICA DE LA BIBLIOTECA DEL CONGRESO (LC)
Número de Clasificación QC31 M286
082 ## - NUMERO DE CLASIFICACION DECIMAL DEWEY
Número de Clasificación 536.7 M328t
100 ## - ASIENTO PRINCIPAL--NOMBRE PERSONAL
Nombre personal Manrique, José A.
245 ## - TÍTULO
Título Termodin mica / José A.Manrique,Rafael S.C rdenas.
260 ## - PUBLICACIÓN, DISTRIBUCIÓN, ETC. (PIE DE IMPRENTA)
Lugar de publicación, distribución, etc. México : Harla
300 ## - DESCRIPCIÓN FÍSICA
Extensión 329p. / 24cm.
500 ## - NOTA GENERAL
Nota general incluye ap‚ndice
650 ## - ASIENTO SECUNDARIO DE MATERIA - TERMINO TEMÁTICO
Término temático o nombre geográfico como elemento de entrada 1.Termodinamica
700 ## - ASIENTO SECUNDARIO - NOMBRE PERSONAL
Nombre personal C rdenas.Rafael S.
Existencias
No. biblioteca No. biblioteca Número de clasificación Código de barras/Número de adquisición Número de copia Tipo de material
LUIS G. INCLAN LUIS G. INCLAN 536.7 M328t 3889 1 Libros
LUIS G. INCLAN LUIS G. INCLAN 536.7 M328t 3900 2 Libros
LUIS G. INCLAN LUIS G. INCLAN 536.7 M328t 3891 3 Libros
LUIS G. INCLAN LUIS G. INCLAN 536.7 M328t 3892 4 Libros
LUIS G. INCLAN LUIS G. INCLAN 536.7 M328t 3893 5 Libros
LUIS G. INCLAN LUIS G. INCLAN 536.7 M328t 3894 6 Libros
LUIS G. INCLAN LUIS G. INCLAN 536.7 M328t 3895 7 Libros
LUIS G. INCLAN LUIS G. INCLAN 536.7 M328t 3899 11 Libros
Calzada Tecnológico # 27, Zacatepec, Morelos.
01(734) 343-07-23 / 343-21-10 / 343-21-11
Apdo. Postal 45 C.P 62780